000 01373nam a2200301Ia 4500
001 ebr10071415
003 CaPaEBR
006 m u
007 cr cn|||||||||
008 041025s2004 dcua sb 000 0 eng d
020 _z0309092671 (book)
020 _z0309544572 (pdf)
040 _aCaPaEBR
_cCaPaEBR
035 _a(OCoLC)57756943
050 1 4 _aG70.212
_b.L53 2004eb
245 0 0 _aLicensing geographic data and services
_h[electronic resource] /
_cCommittee on Licensing Geographic Data and Services, Board on Earth Sciences and Resources, Division on Earth and Life Studies, National Research Council of the National Academies.
260 _aWashington, D.C. :
_bThe National Academies Press,
_cc2004.
300 _axiv, 281 p. :
_bill.
504 _aIncludes bibliographical references.
533 _aElectronic reproduction.
_bPalo Alto, Calif. :
_cebrary,
_d2009.
_nAvailable via World Wide Web.
_nAccess may be limited to ebrary affiliated libraries.
650 0 _aGeographic information systems
_xLicenses.
650 0 _aGeodatabases
_xLicenses.
650 0 _aLicense agreements.
655 7 _aElectronic books.
_2local
710 2 _aebrary, Inc.
730 0 _aNational Academies Press (Online publications)
856 4 0 _uhttp://site.ebrary.com/lib/rucke/Doc?id=10071415
_zAn electronic book accessible through the World Wide Web; click to view
999 _c44074
_d44074